zpět

Detail výsledku týmu

Sportivo Bar - Zbraslav, Praha

Datum a čas kvízu

38 Celkem bodů Celkový počet nahraných bodů na tomto kvízu bez doplňovacích otázek.
2. Pořadí na kvízu Konečné umístění týmu na tomto kvízu.

Zaznamenané odpovědi

# Otázka Odpověď Body Výsledky
1. Národní park České Švýcarsko z... rysa ostrovida 1
2. Německý turista neuspěl se svo... C 1
3. Český rozhlas minulý týden ozn... Libor Bouček 1
4. Ministryně financí Alena Schil... Kobra 1
5. Tereza Voborníková potvrdila s... v Oslu 1
1. Vítězné téma „vražedně“ těsnéh... Hercule Poirot 1
2. Fiktivní detektiv třetí třídy... Ed McBain, New York 0
3. Přiřaďte autory severských det... 1A 2C 3D 4B 0
4. Stopy, kořist, smrt, ticho, zl... Dokonalý (Dokonalá/Dokonalé), Helen Fields 0
5. Jednou z nejúspěšnějších český... Zmizela v mlze (Norsko), Ostrov šedých mnichů (Nizozemsko) 0